Textbook Of Nursing Research And Statistics For Undergraduates (Record no. 159486)

MARC details
000 -LEADER
fixed length control field 00444nam a2200145Ia 4500
008 - FIXED-LENGTH DATA ELEMENTS--GENERAL INFORMATION
fixed length control field 230519s9999 xx 000 0 und d
020 ## - INTERNATIONAL STANDARD BOOK NUMBER
International Standard Book Number 978-93-88178-61-7
041 ## - LANGUAGE CODE
Language code of text/sound track or separate title eng
082 ## - DEWEY DECIMAL CLASSIFICATION NUMBER
Classification number R/610.724/SIV/DB0879
100 ## - MAIN ENTRY--PERSONAL NAME
Personal name Sivabalan T & Vimala G
9 (RLIN) 180529
245 ## - TITLE STATEMENT
Title Textbook Of Nursing Research And Statistics For Undergraduates
260 ## - PUBLICATION, DISTRIBUTION, ETC. (IMPRINT)
Name of publisher, distributor, etc. CBS Publishers & Distributors
Place of publication, distribution, etc. New Delhi
Date of publication, distribution, etc. 2019
300 ## - PHYSICAL DESCRIPTION
Extent 272p
Holdings
Withdrawn status Lost status Damaged status Not for loan Collection code Home library Current library Date acquired Cost, normal purchase price Bill number Total Checkouts Total Renewals Full call number Barcode Date last seen Date last checked out Bill Date Koha item type Original Barcode
          Smt. Bakul Tambat Institute of Nursing Education Smt. Bakul Tambat Institute of Nursing Education 27/09/2021 525.00 1605 4 1 R/610.724/SIV/DB0879 BTIN-DB-879 18/06/2024 04/06/2024 24/09/2021 Donated Book DB0879